Nationalism in international relations : (Record no. 12430)
[ view plain ]
| 000 -LEADER | |
|---|---|
| fixed length control field | 01648cam a2200373 a 4500 |
| 001 - CONTROL NUMBER | |
| control field | 14700406 |
| 005 - DATE AND TIME OF LATEST TRANSACTION | |
| control field | 20090402132623.0 |
| 008 - FIXED-LENGTH DATA ELEMENTS--GENERAL INFORMATION | |
| fixed length control field | 070117s2007 nyua b 001 0 eng |
| 010 ## - LIBRARY OF CONGRESS CONTROL NUMBER | |
| LC control number | 2007060083 |
| 015 ## - NATIONAL BIBLIOGRAPHY NUMBER | |
| National bibliography number | GBA756001 |
| Source | bnb |
| 016 7# - NATIONAL BIBLIOGRAPHIC AGENCY CONTROL NUMBER | |
| Record control number | 013795552 |
| Source | Uk |
| 020 ## - INTERNATIONAL STANDARD BOOK NUMBER | |
| International Standard Book Number | 9781403984494 |
| 020 ## - INTERNATIONAL STANDARD BOOK NUMBER | |
| International Standard Book Number | 1403984492 |
| 035 ## - SYSTEM CONTROL NUMBER | |
| System control number | (OCoLC)ocm82368066 |
| 035 ## - SYSTEM CONTROL NUMBER | |
| System control number | (OCoLC)82368066 |
| Canceled/invalid control number | (OCoLC)156891204 |
| 040 ## - CATALOGING SOURCE | |
| Original cataloging agency | DLC |
| Transcribing agency | DLC |
| Modifying agency | BAKER |
| -- | BTCTA |
| -- | C#P |
| -- | UKM |
| -- | YDXCP |
| -- | DLC |
| 050 00 - LIBRARY OF CONGRESS CALL NUMBER | |
| Classification number | JC311 |
| Item number | .W656 2007 |
| 082 00 - DEWEY DECIMAL CLASSIFICATION NUMBER | |
| Classification number | 320.54 |
| Edition number | 22 |
| Item number | WOO |
| 100 1# - MAIN ENTRY--PERSONAL NAME | |
| Personal name | Woodwell, Douglas. |
| 9 (RLIN) | 8155 |
| 245 10 - TITLE STATEMENT | |
| Title | Nationalism in international relations : |
| Remainder of title | Norms, foreign policy, and enmity / |
| Statement of responsibility, etc | Douglas Woodwell. |
| 260 ## - PUBLICATION, DISTRIBUTION, ETC. (IMPRINT) | |
| Place of publication, distribution, etc | New York : |
| Name of publisher, distributor, etc | Palgrave Macmillan, |
| Date of publication, distribution, etc | c2007. |
| 300 ## - PHYSICAL DESCRIPTION | |
| Extent | 223 p. : |
| Other physical details | ill. ; |
| Dimensions | 25 cm. |
| 490 #0 - Series Statement | |
| Series statement | Advances in foreign policy analysis ; |
| 504 ## - BIBLIOGRAPHY, ETC. NOTE | |
| Bibliography, etc | Includes bibliographical references and index. |
| 650 #0 - SUBJECT ADDED ENTRY--TOPICAL TERM | |
| Topical term or geographic name as entry element | Nationalism. |
| 9 (RLIN) | 8156 |
| 650 #0 - SUBJECT ADDED ENTRY--TOPICAL TERM | |
| Topical term or geographic name as entry element | Transborder ethnic groups. |
| 9 (RLIN) | 8157 |
| 650 #0 - SUBJECT ADDED ENTRY--TOPICAL TERM | |
| Topical term or geographic name as entry element | International relations. |
| 9 (RLIN) | 8158 |
| 856 42 - ELECTRONIC LOCATION AND ACCESS | |
| Materials specified | Contributor biographical information |
| Uniform Resource Identifier | <a href="http://www.loc.gov/catdir/enhancements/fy0709/2007060083-b.html">http://www.loc.gov/catdir/enhancements/fy0709/2007060083-b.html</a> |
| 856 42 - ELECTRONIC LOCATION AND ACCESS | |
| Materials specified | Publisher description |
| Uniform Resource Identifier | <a href="http://www.loc.gov/catdir/enhancements/fy0709/2007060083-d.html">http://www.loc.gov/catdir/enhancements/fy0709/2007060083-d.html</a> |
| 856 41 - ELECTRONIC LOCATION AND ACCESS | |
| Materials specified | Table of contents only |
| Uniform Resource Identifier | <a href="http://www.loc.gov/catdir/enhancements/fy0709/2007060083-t.html">http://www.loc.gov/catdir/enhancements/fy0709/2007060083-t.html</a> |
| 942 ## - ADDED ENTRY ELEMENTS (KOHA) | |
| Source of classification or shelving scheme | Dewey Decimal Classification |
| Item type | Book - Borrowing |
| Withdrawn status | Item status | Source of classification or shelving scheme | Damaged status | Not for loan | Vendor | Home library | Current library | Shelving location | Date acquired | Source of acquisition | Cost, normal purchase price | Serial Enumeration / chronology | Total Checkouts | Total Renewals | Full call number | Barcode | Date last seen | Date last borrowed | Koha item type |
|---|---|---|---|---|---|---|---|---|---|---|---|---|---|---|---|---|---|---|---|
| Dewey Decimal Classification | Baccah | Central Library | Central Library | First floor | 27/07/2009 | 370.00 | 8324 | 6 | 9 | 320.54 WOO | 000017587 | 15/07/2025 | 08/12/2024 | Book - Borrowing |